000 00332nam a22001457a 4500
008 210428b ||||| |||| 00| 0 eng d
020 _a2901319086687
041 _aeng
080 _a82
082 _a82
100 _a21
101 _aGJL
245 _aAn Insider's Guide to Academic Writing
_cSusan M. Cochran
942 _2udc
_cBK
999 _c56909
_d56909